Court of Appeal Civil Appeal No.2/97 Ugachick Poultry Breeders LTD Vs Tadjin Kara T/A S.T. Enterprises LTD. (Record no. 3299)

MARC details
000 -LEADER
fixed length control field 00479nam a22001097a 4500
008 - FIXED-LENGTH DATA ELEMENTS--GENERAL INFORMATION
fixed length control field 110620t xxu||||| |||| 00| 0 eng d
010 ## - LIBRARY OF CONGRESS CONTROL NUMBER
LC control number CACAF-51 M-Z
245 ## - TITLE STATEMENT
Title Court of Appeal Civil Appeal No.2/97 Ugachick Poultry Breeders LTD Vs Tadjin Kara T/A S.T. Enterprises LTD.
260 ## - PUBLICATION, DISTRIBUTION, ETC. (IMPRINT)
Date of publication, distribution, etc 1997
500 ## - GENERAL NOTE
General note CORAM: S.T. Manyindo, DCJ; S.G. Engwau, J.A and A.Twinomujuni, J.A.
500 ## - GENERAL NOTE
General note Appeal from judgment of the High Court Mr. Justice J.P. Berko dated 14/4/1996 in HCCS No. 924/94.
Holdings
Withdrawn status Lost status Source of classification or shelving scheme Damaged status Koha normalized classification for sorting Not for loan Location (home branch) Sublocation or collection (holding branch) Shelving location Date acquired Koha issues (times borrowed) Koha full call number Piece designation (barcode) Koha date last seen Price effective from Koha item type Public note
    Dewey Decimal Classification   CACAF__51_MZ   Law Development Centre Main Library Law Development Centre Main Library Law Reports 06/20/2011   CACAF_51 M-Z 2/1997 06/20/2011 06/20/2011 Un Reported Cases JUDGEMENT WAS ENTERED ON 27TH APRIL OF1998